000 00478nam a2200169Ia 4500
005 20250508160108.0
008 008 250505s9999 xx 000 0 eng d
037 _aTextual
040 _aFEDL
_beng
_cFEDL
041 _aeng
_2eng
084 _a375, NCE
_qFEDL
245 0 _aEvaluation in study of the curriculum in mathematics for classes 6th and 7th developmed
245 0 _cNCERT
300 _a122p.
942 _cTEXL
_h375, NCE
999 _c1361666
_d1361666